Minecraft Biomes: Forest - Statistics

General Stats
  • This quiz has been taken 15 times
  • The average score is 15 of 30
Answer Stats
Block Category Answer % Correct
Plants Tree Oak
100%
Plants Tree Birch
93%
Plants Flower Rose Bush
86%
Mobs Monster Zombie
71%
Mobs Creature Chicken
64%
Mobs Creature Cow
64%
Mobs Monster Skeleton
64%
Mobs Monster Creeper
57%
Blocks Surface Grass Block
57%
Mobs Creature Pig
57%
Mobs Monster Spider
57%
Mobs Creature Wolf
57%
Plants Flower Lilac
50%
Plants Flower Peony
50%
Mobs Creature Sheep
50%
Mobs Monster Enderman
43%
Mobs Underground Water Glow Squid
43%
Plants Foliage Leaf Litter
43%
Structures Underground Mineshaft
43%
Structures Underground Stronghold
43%
Mobs Monster Witch
43%
Mobs Ambient Bat
36%
Plants Foliage Bush
36%
Structures Surface Ruined Portal
29%
Structures Underground Trial Chambers
29%
Mobs Monster Zombie Villager
29%
Plants Foliage Short Grass
21%
Mobs Monster Slime
21%
Plants Flower Lily of the Valley
14%
Plants Foliage Vines
7%
No matching quizzes found
Score Distribution
Percent of People with Each Score
Percentile by Number Answered
Your Score History
You have not taken this quiz